000
00319nam a22001217a 4500
999
_c
10299
_d
10299
003
OSt
008
201217b ||||| |||| 00| 0 eng d
245
_a
Journal of Entrepreneurship
250
_a
2013(Mar Vol.22 No.1, Sep Vol.22 No.2)
260
_a
New Delhi
_b
SAGE Publications
650
_a
Management
942
_2
ddc
_c
BV